000 00344pab a2200145 454500
008 180718b2003 xxu||||| |||| 00| 0 eng d
100 _aKrueger, Anne O.
245 _aGlobalisation: preserving tghe benefits
260 _c2003
300 _ap.21-22.
362 _aDec
650 _aGlobalization
773 _aOECD Observer
909 _a59172
999 _c59172
_d59172